Educación secundaria obligatoria: créditos variables de educación física

Guardat en:
Dades bibliogràfiques
Autors principals: Canalda Llobet, Anna (Autor), Cases Caminal, Rosa (Autor)
Format: Llibre
Idioma:espanyol
Publicat: Barcelona Paidotribo 2000
Col·lecció:Colección Educación Física y Enseñanza
Matèries:
Etiquetes: Afegir etiqueta
Sense etiquetes, Sigues el primer a etiquetar aquest registre!

MARC

LEADER 00000nam a2200000 a 4500
001 UCO6056
003 CL-VaPUC
008 001006e20000000SP |||||||||||||||||spa|d
082 0 4 |a 372.86  |b CAN  |2 21 
100 0 |a Canalda Llobet, Anna  |e author  |9 450883 
700 0 |a Cases Caminal, Rosa  |e author  |9 450884 
245 1 0 |a Educación secundaria obligatoria: créditos variables de educación física 
300 |a v 
942 |c BK 
945 |d 20001006 00:00:00  |a vberengu 
260 |a Barcelona  |b Paidotribo  |c 2000 
500 |a v.2: Bloque de expresión corporal 
650 0 |a Educación física  |9 240893 
650 0 |a Expresión corporal  |9 308898 
650 0 |a Métodos de enseñanza  |9 270413 
650 0 |a Planificación de la educación   |9 307333 
583 |a last modification  |c 20170913 12:18:34  |k Rodrigo Vera 
490 0 |a Colección Educación Física y Enseñanza 
999 |c 291848  |d 291846 
952 |0 0  |1 0  |4 0  |6 372_860000000000000_CAN_2000  |7 0  |8 A  |9 342095  |a BIBEDU  |b BIBEDU  |d 2019-11-20  |h v.1  |i 3722872  |o 372.86 CAN 2000  |p 3722872  |r 2019-11-20  |w 2019-11-20  |y BK  |k EFI 
952 |0 0  |1 0  |4 0  |6 372_860000000000000_CAN_2000  |7 0  |8 A  |9 342096  |a BIBEDU  |b BIBEDU  |d 2019-11-20  |h v.2  |i 3652114  |o 372.86 CAN 2000  |p 3652114  |r 2019-11-20  |w 2019-11-20  |y BK  |k EFI